| 000 | 00444nam a22001457a 4500 | ||
|---|---|---|---|
| 005 | 20251108171840.0 | ||
| 008 | 250721s1978 xx 000 0 ara d | ||
| 082 | 1 | 4 | _aم/031/موس |
| 245 | 1 | 0 | _aالموسوعة العربية الميسرة / |
| 264 | 1 |
_aبيروت : _bدار نهضة لبنان للطبع و النشر، _c1978. |
|
| 300 | _a2مج | ||
| 650 | 1 | 7 | _aالموسوعات العربية |
| 942 |
_2ddc _cREF |
||
| 999 |
_c64211 _d64211 |
||